Knieža, str. i m.

Bibliographic Details
Main Author: Dvonč, Ladislav, 1926-2003 (Author)
Format: Article
Language:Slovak
Subjects:

MARC

LEADER 00000nab a2200000 a 4500
001 vtls009155463
003 SK-MaSNL
005 20260303190914.0
008 140513c1960 xo |r|p|||||||000 b|slo
015 |a SNBRB2007/11  |2 snkbucl 
038 |a SNKBUCL 
040 |a SNKBUCL  |b slo  |e AACR2  |c SNKBUCL 
041 0 |a slo 
044 |a xo  |c SK 
080 |a 811.162.439'367.622  |2 2001 
080 |a 81'367.622  |2 2001 
080 |a 811.162.439'366.521  |2 2001 
080 |a 811.162.439'366.523  |2 2001 
100 1 |a Dvonč, Ladislav,  |d 1926-2003  |4 aut  |9 101854 
245 1 0 |a Knieža, str. i m.  |c L. Dvonč 
650 0 7 |a slovenčina  |2 SNKPH  |9 1350 
650 0 7 |a podstatné mená  |2 SNKPH  |9 1323 
650 0 7 |a mužský rod  |2 snkbucl  |9 75993 
650 0 7 |a stredný rod  |2 snkbucl  |9 75991 
650 0 7 |a knieža (lexéma)  |2 snkbucl  |9 108161 
773 0 |t Slovenská reč  |g Roč. 25., č. 2 (1960), s. 122-124 
852 |a SNK  |b KIS3GCP 
999 |c 2138521  |d 2140451